LEADER 01162cam0 22002891 450 001 SOBE00015084 005 20220311103024.0 100 $a20110610d1978 |||||ita|0103 ba 101 $ager$afre$alat 102 $aDE 200 1 $a<>Grundzüge des gegenwartigen Zeitalters$fJohann Gottlieb Fichte$gmit einer Einleitung von Alwin Diemer 205 $a4., durchges. Aufl., nach d. Erstdr. von 1806, mit e. Einl. von Alwin Diemer e. e. neuerstellten Sachreg. 210 $aHamburg$cMeiner$dc1978 215 $aXVII,278 p.$d19 cm 225 2 $aPhilosophische Bibliothek$v247 410 1$1001LAEC00016501$12001 $a*Philosophische Bibliothek$v247 700 1$aFichte$b, Johann Gottlieb$3AF00003407$4070$0157282 702 1$aDiemer, Alwin$3SOBA00000024$4070 801 0$aIT$bUNISOB$c20220311$gRICA 850 $aUNISOB 852 $aUNISOB$j100|Coll|31|K$m35386 912 $aSOBE00015084 940 $aM 102 Monografia moderna SBN 941 $aM 957 $a100|Coll|31|K$b000018$gSI$d35386$racquisto$tN$1rovito$2UNISOB$3UNISOB$420110615131616.0$520220311103015.0$6Alfano 996 $aGrundzüge des gegenwärtigen Zeitalters$91387168 997 $aUNISOB